<The> Unix Word Processing Book <A> Step-by-Step-Guide

Gespeichert in:
Bibliographische Detailangaben
1. Verfasser: Strong, Bryan
Weitere Verfasser: Hosler, Jay
Format: Buch
Sprache:Englisch
Veröffentlicht: New York Wiley 1988
Ausgabe:1. ed.
Schlagworte:
Tags: Tag hinzufügen
Keine Tags, Fügen Sie das erste Tag hinzu!

MARC

LEADER 00000nam a2200000 4500
001 c003766
005 20221206134620.0
020 |a 0-471-85795-5 
041 0 |a eng 
044 |a US 
245 1 0 |a <The> Unix Word Processing Book  |b <A> Step-by-Step-Guide  |c Bryan Strong, Jay Hosler 
250 |a 1. ed. 
264 1 |a New York  |b Wiley  |c 1988 
300 |a 379 s. 
610 2 0 |a UNIX 
610 2 0 |a systémy počítačové 
610 2 0 |a systémy operačné 
610 2 0 |a spracovanie textov 
610 2 0 |a metóda input-output 
100 1 |a Strong, Bryan 
700 1 |a Hosler, Jay